000 00629nam a2200253Ia 4500
005 20260121155119.0
008 008 260114s9999 xx 000 0 eng d
020 _a9781003014522
037 _aEBOOK
040 _aCRL
040 _beng
040 _cCRL
041 _2eng
041 _aeng
084 _qCRL
100 _a Vladimir Litvinenko
_91015525
245 0 _aTopical Issues of Rational use of Natural Resources 2019
260 _bTaylor and Francis
260 _c2020
856 _uhttp://www.taylorfrancis.com/books/9781003014522
942 _cEBOOK
999 _c1582344
_d1582344